Guess the Taylor Swift's song with no hints #1 - Statistiques

Statistiques générales
  • Ce quiz a été pris 104 fois
  • Le résultat moyen est 209 sur 398
Statistiques - réponses
Réponse % Correct
I
100%
you
100%
a
99%
love
93%
the
89%
be
88%
me
88%
an
87%
We
87%
your
83%
in
80%
to
80%
when
79%
hear
74%
like
74%
my
74%
And
72%
and
72%
were
72%
we're
72%
it
71%
that
66%
I'm
65%
Then
63%
But
61%
but
61%
mine
61%
never
60%
Did
59%
did
59%
get
57%
can
56%
one
55%
what
55%
back
54%
Say
52%
say
52%
with
52%
don't
51%
it's
50%
gonna
48%
Gonna
48%
just
48%
too
46%
up
46%
not
45%
way
45%
eyes
43%
knew
43%
or
43%
Or
43%
at
41%
will
41%
I'll
40%
thing
39%
got
38%
still
38%
tell
38%
all
37%
decided
37%
if
37%
yet
37%
goin'
35%
haven't
35%
here
35%
think
35%
make
34%
out
34%
feel
33%
hand
33%
wife
33%
come
32%
end
32%
house
32%
off
30%
smash
30%
something
30%
Take
29%
take
29%
wants
29%
bike
28%
Even
28%
honey
28%
skin
28%
skirt
28%
somebody
28%
wanna
28%
fits
27%
new
27%
'til
27%
Whether
27%
clean
26%
price
26%
research
26%
same
26%
short
26%
Told
26%
face
24%
fix
24%
whispers
24%
friends
23%
move
23%
curse
22%
hate
22%
Once
22%
someone
22%
babe
21%
bar
21%
Lilac
21%
care
20%
coming
20%
either
18%
game
18%
leave
18%
might
18%
twice
18%
You'll
18%
Aston
17%
find
17%
funny
17%
into
17%
Martin
17%
Pick
17%
poison
17%
body
16%
party
16%
play
16%
something's
16%
Standin'
16%
touch
16%
act
15%
leavin
15%
broke
13%
talk
13%
bubbly
12%
button
12%
ditch
12%
Flip
12%
flip
12%
Push
12%
reset
12%
becomin'
11%
closet
11%
handcuffed
11%
humming
11%
ran
11%
upper
11%
big
10%
hid
10%
Pull
10%
straight
10%
bygone
9%
Bygones
9%
Small
9%
dumb
7%
steered
7%
eras
6%
fadin'
6%
gray
6%
script
5%
pieces
4%
Aucun quiz correspondant
Distribution des résultats
% des personnes avec chaque résultat
Percentile par nombre de réponses
Votre historique - résultats
Vous n’avez pas pris ce quiz